00334pab a2200121 454500008004000000100002100040245006100061260000900122300001300131362001100144650002300155773003400178180718b2010 xxu||||| |||| 00| 0 eng d aParikh, Kirit S. aThe logic of the expert group report on petroleum prices c2010 ap.18-23. a15 May aPetroleum products aEconomic and Political Weekly